Великото дело на мира и дружбата между народите ще възтържествува (Запис номер 440358)
[ съкратено ]
| 000 -Лидер | |
|---|---|
| Контролно поле с фиксирана дължина | nam a22 a 4500 |
| 003 - Код на организацията, давaща контролен номер | |
| Контролно поле | BLK |
| 005 - Дата и час на последна редакция | |
| Контролно поле | 20211216084326.0 |
| 008 - Елементи от данни с фиксирана дължина | |
| fixed length control field | 211216b bul|||||r ||||||| ||bul|| |
| 010 ## - Наследен системен номер | |
| LC control number | KNG00177535RET |
| 040 ## - Източник на каталожния запис | |
| Идентификатор на билиотеката - собственик на записа | BLK |
| 041 ## - Код за език | |
| Код за езика на текст/звукозапис или на отделно заглавие | Български |
| Код за езика КДБФ | Български |
| 080 ## - УДК | |
| Текстов определител УДК | Движения за разбирателство между народите |
| УДК код - определител по УДК | 327.33 |
| УДК определител | 327.33 |
| 100 1# - Редна дума - Автор | |
| Автор | Пирински, Георги |
| Авторска отговорност | първи автор |
| R(LIN) | 436326 |
| 139 ## - Редно поле | |
| Редна дума | Пирински, Георги |
| 245 10 - Сведения за заглавието | |
| Заглавие | Великото дело на мира и дружбата между народите ще възтържествува |
| Подзаглавни данни | Впечатления от юбилейната сесия на Световния съвет на мира в Стокхолм |
| Редно поле (дума) | Георги Пирински. |
| 257 ## - Страна на издаване | |
| Страна на създаване/издаване | България |
| 260 ## - Област на издателските данни | |
| Място на издаване, разпространение и проч. | София |
| Име на издателя, разпространителя и проч. | Нац. к-т за защита на мира |
| Година на издаване | 1959 |
| 300 ## - Физическа характеристика | |
| Страници | 29 с. |
| Размери/Мащаб | 21 см |
| 380 ## - Жанр | |
| Жанр | Обществени науки |
| 650 #0 - Допълнително описание по предмет – тема | |
| Основно описание – тема или топоним | Политика - международни отношения - борба за мир |
| 9 (RLIN) | 330454 |
| 653 #7 - Ключова дума – ненормативна | |
| 9 (RLIN) | 191110 |
| Ключова дума | мир |
| 852 ## - Местоположение | |
| Форматна сигнатура | Цб 18160 |
| Фондова буква | Хранилище |
| 856 4# - Електронен адрес и достъп | |
| Електронен формат | pdf - файл |
| Път до файла /url/ | |
| 856 4# - Електронен адрес и достъп | |
| Електронен формат | pdf - файл |
| Път до файла /url/ | |
| 999 ## - СИСТЕМНИ КОНТРОЛНИ НОМЕРА | |
| Koha biblionumber | 440358 |
| Koha biblioitemnumber | 440358 |
| 942 ## - АРТИКУЛИ | |
| Вид на библиотечния материал | Книги |
| Скрит в OPAC | Не |
| Източник на класификационната схема | Universal Decimal Classification |
| Периодичен библиозапис | Да |
| 944 ## - СЪЗДАВАНЕ И РЕДАКЦИЯ на ЗАПИСА | |
| Създаване/Редакция | Създаване |
| Дата на регистрацията/редакция | 2021-12-16 |
| Служител, извършил регистрацията/редакцията | А.М. |
| Код за отписване | Код за изгубен артикул | Източник на класификационната схема | Код за повреда | Коз за рестрикции | Код за отдаване | Артикулен № | Име на библиотеката - собственик | Име на библиотеката, в която се намира в момента | Статус (Текущо местоположение) | Дата на вписване в системата | Местоположение - отдел | Цена в лева | Инвентарен номер | Систематично азбучна сигнатура | Баркод | Цена в евро | Служебен тип на артикула |
|---|---|---|---|---|---|---|---|---|---|---|---|---|---|---|---|---|---|
| Не е изгубен | Universal Decimal Classification | Не е повреден | само за читалня | ползва се в читалня | 865430 | Регионална библиотека "Любен Каравелов" Русе | Регионална библиотека "Любен Каравелов" Русе | Хранилище | 2021-12-16 | Хранилище | 0.08 | 18132/61-а | Цб 18160 | 900000086132 | 0.04 | Книги |